The Marketing Revolution A Radical Manifesto for Dominating the Marketplace

Gespeichert in:
Bibliographische Detailangaben
1. Verfasser: Clancy, Kevin J.
Weitere Verfasser: Shulman, Robert S.
Format: Buch
Sprache:Englisch
Veröffentlicht: New York Harper Business 1991
Schlagworte:
Tags: Tag hinzufügen
Keine Tags, Fügen Sie das erste Tag hinzu!

MARC

LEADER 00000nam a2200000 4500
001 c005913
005 20260302104819.7
020 |a 0-88730-481-8 
041 0 |a eng 
044 |a US 
245 1 0 |a The Marketing Revolution  |b A Radical Manifesto for Dominating the Marketplace  |c Kevin J. Clancy, Robert S. Shulman 
264 1 |a New York  |b Harper Business  |c 1991 
300 |a 314 s. 
610 2 0 |a marketing 
610 2 0 |a trh 
610 2 0 |a manažment 
610 2 0 |a prieskum trhu 
100 1 |a Clancy, Kevin J. 
700 1 |a Shulman, Robert S.